| 000 | 00474nam a2200193Ia 4500 | ||
|---|---|---|---|
| 008 | 151121s9999||||xx |||||||||||||| ||und|| | ||
| 082 | _a901।95/GAN | ||
| 082 | _bHNW-64625 | ||
| 100 | _aGandhi Ramachandra | ||
| 245 | _aSita's kitchen | ||
| 260 | _b"Wiley Eastern Ltd।, Delhi।" | ||
| 260 | _c-- | ||
| 300 | _a133 | ||
| 600 | _aGandhi Ramachandra | ||
| 630 | _aSita's kitchen | ||
| 700 | _aGandhi Ramachandra | ||
| 730 | _aSita's kitchen | ||
| 942 | _cBOOK | ||
| 999 |
_c1246151 _d1246148 |
||